[Event "ICS rated blitz match"]
[Site "207.99.83.227"]
[Date "1999.04.23"]
[Round "?"]
[White "Hossa"]
[Black "j724"]
[Result "1-0"]
[WhiteElo "2417"]
[BlackElo "2216"]
[PlyCount "33"]

1. e4 d6 2. d4 Nf6 3. Nc3 g6 4. Nf3 Bg7 5. Be2 O-O 6. O-O c6 7. Bg5 h6 8. Bd2
Nbd7 9. Qc1 Kh7 10. Bf4 Qc7 11. e5 Nh5 12. exd6 exd6 13. Ne4 Nxf4 14. Qxf4 Re8
15. Bd3 f5 16. Qxd6 Qb6 17. Nh4 {j724 resigns} 1-0

[Event "ICS rated blitz match"]
[Site "207.99.83.227"]
[Date "1999.04.23"]
[Round "?"]
[White "Volovka"]
[Black "Hossa"]
[Result "0-1"]
[WhiteElo "2289"]
[BlackElo "2425"]
[PlyCount "68"]

1. e4 e6 2. d3 d5 3. Nd2 dxe4 4. dxe4 Nf6 5. Bc4 Bd6 6. Ngf3 Nc6 7. O-O O-O 8.
Qe2 e5 9. h3 Na5 10. Bd3 Qe7 11. a3 Rd8 12. Re1 Nh5 13. Nf1 Nc6 14. Bg5 f6 15.
Be3 Be6 16. Rad1 Qe8 17. Bc4 Bxc4 18. Qxc4+ Kh8 19. Rd3 Bf8 20. Red1 Rxd3 21.
Rxd3 Bd6 22. N1d2 b6 23. Nb3 Rd8 24. Qb5 f5 25. Nbd2 f4 26. Bxb6 axb6 27. Nc4
Nf6 28. Nxd6 cxd6 29. Qxb6 Rb8 30. Qc7 Rxb2 31. Rxd6 Rxc2 32. Nxe5 Rc1+ 33. Kh2
Qxe5 34. Rd8+ 34... Ng8 {Volovka resigns} 0-1

[Event "ICS rated blitz match"]
[Site "207.99.83.227"]
[Date "1999.04.23"]
[Round "?"]
[White "Hossa"]
[Black "Volovka"]
[Result "1/2-1/2"]
[WhiteElo "2435"]
[BlackElo "2271"]
[PlyCount "65"]

1. d4 f5 2. Bf4 Nf6 3. e3 g6 4. Nf3 Bg7 5. Nbd2 O-O 6. Bd3 e6 7. O-O Nc6 8. Bg5
h6 9. Bh4 d6 10. c3 e5 11. Bc4+ Kh8 12. dxe5 dxe5 13. Bb5 Qe8 14. Bxc6 bxc6 15.
Qa4 g5 16. Bg3 f4 17. exf4 exf4 18. Rae1 Qh5 19. Qxc6 Bd7 20. Qxc7 fxg3 21.
fxg3 a5 22. Re7 Bg4 23. Rxg7 Rac8 24. Qa7 Ra8 25. Qe7 Rae8 26. Qb7 Rb8 27. Qc7
Rbc8 28. Qa7 Ra8 29. Qe7 Rae8 30. Qb7 Rb8 31. Qc7 Rbc8 32. Qa7 Ra8 33. Qe7 {
Game drawn by repetition} 1/2-1/2

[Event "ICS rated blitz match"]
[Site "207.99.83.227"]
[Date "1999.04.24"]
[Round "?"]
[White "attakinski"]
[Black "Hossa"]
[Result "1-0"]
[WhiteElo "2521"]
[BlackElo "2428"]
[Annotator "Crafty v16.6"]
[PlyCount "90"]

{annotating for player Hossa using a scoring margin of +0.10 pawns. search
time limit is 10.00} 1. Nf3 1... d5 2. d4 e6 3. c4 dxc4 4. e4 b5 5. a4 c6 6.
axb5 cxb5 7. b3 Bb7 8. bxc4 Bxe4 9. Nc3 Bb4 10. Bd2 Bxc3 11. Bxc3 bxc4 12. d5
Nf6 13. dxe6 Qxd1+ 14. Kxd1 Bxf3+ 15. gxf3 fxe6 16. Bxc4 Kf7 17. Re1 Nd5 18.
Bxd5 Rd8 19. Re5 exd5 20. Rf5+ Kg8 21. Ba5 Rd7 22. Rc1 Na6 23. Rc6 g6 24. Rf4
g5 25. Rf5 Nb8 26. Rc8+ Kg7 27. Rxg5+ Kf6 28. f4 Rb7 29. Rxd5 Ke7 30. f5 Rb1+
31. Kc2 Rb7 32. Rh8 Kf6 33. Bc3+ Kg5 34. f6+ Kf4 35. Kd3 Kg4 36. Rg8+ Kh4 37.
Rd4+ Kh5 38. f3 Rd7 39. f7 Na6 40. Rxd7 Nc5+ 41. Kd4 Nxd7 42. Rxa8 Kg6 43. f8=Q
Nxf8 44. Rxf8 h5 45. Ke4 h4 1-0

[Event "ICS rated blitz match"]
[Site "207.99.83.227"]
[Date "1999.04.24"]
[Round "?"]
[White "Hossa"]
[Black "Wanted"]
[Result "0-1"]
[WhiteElo "2416"]
[BlackElo "2810"]
[Annotator "Crafty v16.6"]
[PlyCount "139"]

{annotating for player Hossa using a scoring margin of +0.10 pawns. search
time limit is 10.00} 1. e4 1... c5 2. Nc3 Nc6 3. Nf3 g6 4. Bc4 ({8:+0.14} 4.
Bc4 4... Bg7 5. d3 Nf6 6. O-O O-O 7. d4 7... Na5 $10) ({8:+0.27} 4. Bb5 4...
Nf6 5. Bxc6 dxc6 6. O-O Bg7 7. e5 Ng4 8. Qe2 $10) 4... Bg7 5. d3 d6 6. Nd5 ({
7:-0.11} 6. Nd5 6... Nf6 7. a4 O-O 8. Nxf6+ Bxf6 9. O-O Bg4 10. Qe2 $10) ({
7:+0.11} 6. Bg5 6... h6 7. Bf4 Bxc3+ 8. bxc3 Be6 9. Bxe6 fxe6 10. Nh4 10... g5
$10) 6... e6 7. Nc3 Nge7 8. Bg5 h6 9. Be3 ({7:-1.97} 9. Be3 9... d5 10. Bxd5
exd5 11. Bxc5 Bxc3+ 12. bxc3 dxe4 13. dxe4 Qxd1+ 14. Rxd1 O-O 15. Bxe7 15...
Nxe7 $19) ({7:-0.30} 9. Bh4 9... O-O 10. Qd2 d5 11. exd5 exd5 12. Nxd5 12...
Bxb2 $10) 9... d5 10. Bxd5 ({8:-2.60} 10. Bxd5 10... exd5 11. Bxc5 Bxc3+ 12.
bxc3 dxe4 13. dxe4 Qa5 14. Bd4 Nxd4 15. Qxd4 15... O-O $19) ({8:-2.45} 10. exd5
10... exd5 11. O-O dxc4 12. dxc4 Bxc3 13. bxc3 Qxd1 14. Raxd1 Bg4 15. Bxc5 Bxf3
16. gxf3 $19) 10... exd5 11. Bxc5 d4 12. Bxe7 Nxe7 13. Ne2 O-O 14. O-O f5 15.
e5 Nc6 16. c3 dxc3 17. Qb3+ Kh7 18. Qxc3 g5 19. d4 g4 20. Nd2 f4 21. f3 gxf3
22. Nxf3 Bg4 23. Qd3+ Bf5 24. Qb3 Be4 25. Rad1 Qd5 26. Qxd5 Bxd5 27. b3 Rad8
28. Nh4 Be4 29. Kh1 h5 30. Nf3 Bh6 31. Rfe1 Rg8 32. Neg1 Bd5 33. Rf1 Rg7 34.
Ne2 Nb4 35. Nc3 Bxf3 36. Rxf3 Nc2 37. Ne2 Ne3 38. Rg1 Nd5 39. Rh3 Rc8 40. Rxh5
Rc2 41. Re1 Kg6 42. Rh3 Rgc7 43. Ng1 Rc1 44. Rxc1 Rxc1 45. Rd3 f3 46. Rxf3 Be3
47. Rxe3 Nxe3 48. h3 Nf5 49. d5 Nd4 50. Kh2 Re1 51. e6 Re5 52. e7 Rxe7 53. h4
Re5 54. g4 Rxd5 55. b4 Re5 56. a4 Re4 57. Kg3 Nc6 58. b5 Ne5 59. Nf3 Rxg4+ 60.
Kh3 Re4 61. Nxe5+ Rxe5 62. Kg3 Re4 63. a5 Rb4 64. a6 bxa6 65. h5+ Kxh5 66. b6
axb6 67. Kf3 a5 68. Ke2 a4 69. Kd3 a3 70. Kc3 0-1

[Event "ICS Rated blitz match"]
[Site "207.99.83.227"]
[Date "1999.04.24"]
[Round "?"]
[White "rajah"]
[Black "Hossa"]
[Result "1-0"]
[WhiteElo "2535"]
[BlackElo "2413"]
[Annotator "Crafty v16.6"]
[PlyCount "110"]

{annotating for player Hossa using a scoring margin of +0.10 pawns. search
time limit is 10.00} 1. Nf3 1... d5 2. c4 dxc4 3. Na3 c5 ({8:-0.47} 3... c5 4.
e3 Bf5 5. Bxc4 Bd3 6. Qa4+ Nc6 7. Qb5 Bxc4 8. Nxc4 $14) ({8:-0.04} 3... Nf6 4.
Nxc4 Nc6 5. d3 5... Bg4 $10) 4. Nxc4 Nc6 5. b3 Bf5 6. Ba3 e6 7. e3 Rc8 ({
7:-0.43} 7... Rc8 8. Be2 Nf6 9. O-O Qd5 10. d4 Ne4 11. dxc5 Bxc5 12. Bxc5 12...
Nxc5 $14) ({7:-0.07} 7... Nf6 8. Nfe5 Nxe5 9. Nxe5 Qa5 10. Bb2 Qb4 11. Bc4 $10)
8. Be2 Nf6 9. O-O Be7 10. d4 cxd4 11. Bxe7 Qxe7 12. Nxd4 Rd8 13. Nxc6 bxc6 14.
Qc1 Be4 15. f3 Bd5 16. Nb2 c5 17. Bb5+ Kf8 18. Nd3 Rc8 19. e4 Bb7 20. Qc4 Rg8
21. Rac1 Nd7 22. Qa4 Nb8 23. Qxa7 Ba6 24. Qb6 Bxb5 25. Qxb5 Nd7 26. Qa5 Qf6 27.
Kh1 Qg5 28. b4 Qe7 29. bxc5 Nb8 30. Rfd1 Nc6 31. Qa6 Qc7 32. Rb1 Rd8 33. Rb6
Rc8 34. a4 Qd7 35. a5 Rc7 36. Qb5 e5 37. a6 g6 38. Rb7 Kg7 39. Nf2 Rxb7 40.
axb7 Qc7 41. Rd6 Nd4 42. Qb6 Qxb6 43. Rxb6 Rb8 44. Nd3 Ne6 45. c6 f6 46. Nc5
Nc7 47. Nd7 Rd8 48. b8=Q Rxb8 49. Rxb8 f5 50. exf5 gxf5 51. Rb7 Ne8 52. Nxe5+
Kf6 53. f4 Nd6 54. c7 Nc8 55. Rb8 Ke6 1-0

[Event "ICS Rated blitz match"]
[Site "207.99.83.227"]
[Date "1999.04.24"]
[Round "?"]
[White "Hossa"]
[Black "RedBear"]
[Result "0-1"]
[WhiteElo "2402"]
[BlackElo "2450"]
[Annotator "Crafty v16.6"]
[PlyCount "87"]

{annotating for player Hossa using a scoring margin of +0.10 pawns. search
time limit is 10.00} 1. d4 1... d5 2. Nf3 Nf6 3. Bf4 ({8:-0.28} 3. Bf4 3... Nh5
4. Bd2 Nc6 5. Nc3 Bf5 6. Nb5 6... Be4 $10) ({8:-0.13} 3. e3 3... e6 4. Bb5+ Bd7
5. Bxd7+ Nfxd7 6. c4 dxc4 7. Qa4 Nc6 8. Qxc4 $10) 3... e6 4. e3 c5 5. Be2 Nc6
6. O-O Be7 7. c4 dxc4 8. Bxc4 cxd4 9. exd4 ({8:-0.05} 9. exd4 9... Nd5 10. Bg3
O-O 11. Nc3 Nb6 12. Bb3 12... Bd7 $10) ({8:+0.10} 9. Nxd4 9... Nxd4 10. exd4
O-O 11. Nc3 Nd5 12. Be5 Nxc3 13. bxc3 13... Bd7 $10) 9... Qb6 10. b3 O-O 11.
Nc3 Kh8 12. Rc1 Ba3 13. Rc2 Bd7 14. Nb5 Nd5 15. Nxa3 Nxf4 16. Qd2 Nd5 17. Ne5
Nxe5 18. dxe5 Bc6 19. Rd1 Nb4 20. Rcc1 Rad8 21. Qb2 Be4 22. Bf1 Rxd1 23. Rxd1
Rd8 24. Rxd8+ Qxd8 25. Nb5 Qd1 26. Qe2 Qxe2 27. Bxe2 Nxa2 28. Bc4 Bd5 29. Bxd5
exd5 30. Nd6 Nc1 31. Nxf7+ Kg8 32. Nd6 Nxb3 33. Nxb7 a5 34. e6 Kf8 35. Nd6 Nd4
36. f4 a4 37. Kf2 a3 38. Ke3 Nc6 39. Nf7 a2 40. Ng5 a1=Q 41. Nxh7+ Ke7 42. Ng5
Qg1+ 43. Kf3 Nd4+ 44. Kg3 0-1

[Event "ICS rated blitz match"]
[Site "207.99.83.227"]
[Date "1999.04.24"]
[Round "?"]
[White "Yamna"]
[Black "Hossa"]
[Result "1-0"]
[WhiteElo "2177"]
[BlackElo "2388"]
[Annotator "Crafty v16.6"]
[PlyCount "138"]

{annotating for player Hossa using a scoring margin of +0.10 pawns. search
time limit is 10.00} 1. c4 1... e5 2. g3 Bb4 3. Bg2 Ne7 4. a3 Bc5 5. Nf3 d6 6.
O-O O-O 7. Nc3 Nbc6 8. e3 Bg4 9. b4 Bb6 10. b5 Na5 11. d3 Qd7 ({8:-0.32} 11...
Qd7 12. a4 a6 13. e4 axb5 14. axb5 Bh3 15. Bxh3 Qxh3 16. Bg5 $14) ({8:-0.02} 
11... d5 12. cxd5 Nxd5 13. Na4 a6 14. Nxb6 Nxb6 15. bxa6 Rxa6 16. d4 16... Qe7
$10) 12. Qc2 Bh3 ({7:-0.31} 12... Bh3 13. Bxh3 Qxh3 14. e4 a6 15. Ng5 Qg4 16.
a4 $14) ({7:+0.01} 12... a6 13. bxa6 Rxa6 14. e4 f5 15. exf5 Nxf5 16. Nd5 16...
Bc5 $10) 13. a4 Bxg2 14. Kxg2 Qg4 15. Ba3 Ng6 16. h3 Qf5 17. Ne4 a6 18. Bb4 Ra7
19. Qc3 axb5 20. axb5 Rfa8 21. Rfd1 Qd7 22. Qc2 Kh8 23. Nc3 c6 24. Qb2 d5 25.
c5 Bd8 26. b6 Ra6 27. Qc2 Qe6 28. Ra4 Bf6 29. Rda1 d4 30. Ne4 dxe3 31. Rxa5
Rxa5 32. Bxa5 exf2 33. Qxf2 Kg8 34. Bc3 Rxa1 35. Bxa1 Be7 36. Qc2 f5 37. Nd6
Bxd6 38. cxd6 e4 39. Nd4 Qxd6 40. Qc4+ Qd5 41. Nxc6 Qxc4 42. dxc4 Nf8 43. Ne7+
Kf7 44. Nxf5 Ke6 45. Nxg7+ Kf7 46. Bd4 Nd7 47. Kf2 Nxb6 48. Bxb6 Kxg7 49. Ke3
Kf6 50. Kxe4 Ke6 51. g4 Kf6 52. h4 Ke6 53. g5 Kf7 54. Kf5 Kg7 55. Ke6 Kg6 56.
Kd7 Kh5 57. Bf2 Kg4 58. Kc7 Kf5 59. Kxb7 Kf4 60. c5 Kf3 61. h5 Kxf2 62. g6 h6
63. c6 Ke2 64. g7 Kd3 65. c7 Ke4 66. c8=Q Kf3 67. g8=Q Kf2 68. Qg6 Kf3 69.
Qcf5+ Ke3 1-0

[Event "ICS rated blitz match"]
[Site "207.99.83.227"]
[Date "1999.04.24"]
[Round "?"]
[White "Hossa"]
[Black "Amateur"]
[Result "0-1"]
[WhiteElo "2363"]
[BlackElo "2428"]
[Annotator "Crafty v16.6"]
[PlyCount "128"]

{annotating for player Hossa using a scoring margin of +0.10 pawns. search
time limit is 10.00} 1. c4 1... Nf6 2. d4 e6 3. Nf3 c5 4. Bg5 cxd4 5. Nxd4 ({
8:-0.52} 5. Nxd4 5... Bc5 6. Nc3 O-O 7. e3 Nc6 8. Nxc6 dxc6 9. Qxd8 Rxd8 10.
Bxf6 10... gxf6 $15) ({8:-0.37} 5. Qxd4 5... Nc6 6. Qf4 Bb4+ 7. Nbd2 O-O 8.
Bxf6 Qxf6 9. Qxf6 gxf6 10. Rd1 $15) 5... Bc5 6. Nc3 O-O 7. e3 e5 8. Nc2 Nc6 9.
Bd3 Nb4 10. O-O Nxd3 11. Qxd3 Be7 12. Rad1 ({8:+0.09} 12. Rad1 12... Qb6 13. b4
Qe6 14. Bxf6 Bxf6 15. Nd5 Bh4 16. Qe4 $10) ({8:+0.21} 12. Rfd1 12... e4 13. Qd4
Re8 14. Bf4 Bf8 15. Nd5 Nxd5 16. Qxd5 $10) 12... a5 13. Bxf6 Bxf6 14. Nd5 Ra6
15. Qf5 Re8 16. f4 e4 17. Nd4 Bh4 18. a4 Rh6 19. Qg4 Bf6 20. Nxf6+ Qxf6 21. Qg5
Qxg5 22. fxg5 Rg6 23. h4 b6 24. Nb5 Re5 25. b3 Re7 26. Nd6 Ba6 27. Nf5 Ree6 28.
Rxd7 Kf8 29. Rfd1 Bc8 30. Rd8+ Re8 31. Rxe8+ Kxe8 32. Nd6+ Kd7 33. Nxf7+ Ke7
34. Ne5 Rd6 35. Rxd6 Kxd6 36. Nf7+ Kc5 37. Kf2 Bd7 38. Kg3 Kb4 39. Ne5 Bc8 40.
Kf4 Kxb3 41. g6 h6 42. Kxe4 Kxa4 43. Kd5 Kb3 44. Kc6 a4 45. Kb5 a3 46. Nd3 Bd7+
47. Kxb6 Bf5 48. e4 Bxe4 49. Nc1+ Kb2 50. Ne2 a2 51. Ng3 Bxg6 52. Ne2 a1=Q 53.
Nf4 Qg1+ 54. c5 Be4 55. h5 Qf2 56. Ng6 Bxg6 57. hxg6 h5 58. g4 h4 59. Kb5 h3
60. Kc6 h2 61. Kb5 h1=Q 62. Kb6 Qf6+ 63. Kb5 Qhc6+ 64. Kb4 Qc3# 0-1

[Event "ICS rated blitz match"]
[Site "207.99.83.227"]
[Date "1999.04.24"]
[Round "?"]
[White "heraclio"]
[Black "Hossa"]
[Result "0-1"]
[WhiteElo "1985"]
[BlackElo "2350"]
[PlyCount "60"]

1. d4 e6 2. c4 d5 3. Nc3 Bb4 4. e3 Nf6 5. Bd3 dxc4 6. Bxc4 O-O 7. Nf3 Nbd7 8.
a3 Nb6 9. Bd3 Be7 10. b4 a5 11. b5 Bd7 12. O-O Nbd5 13. Nxd5 exd5 14. a4 Bb4
15. Qb3 Qe7 16. Bb2 Rae8 17. Rac1 Bg4 18. Ne5 Be6 19. Bc3 Ne4 20. Bxb4 axb4 21.
Rc2 f6 22. Nf3 f5 23. Rb1 Nc3 24. Re1 Ra8 25. Ra1 f4 26. Rb2 fxe3 27. fxe3 Bf5
28. Bxf5 Qxe3+ 29. Kh1 Rxf5 30. Qxb4 30... Rxa4 {heraclio resigns} 0-1

[Event "ICS rated blitz match"]
[Site "207.99.83.227"]
[Date "1999.04.24"]
[Round "?"]
[White "Hossa"]
[Black "heraclio"]
[Result "1-0"]
[WhiteElo "2353"]
[BlackElo "1982"]
[PlyCount "125"]

1. e4 c6 2. Nf3 d5 3. exd5 cxd5 4. Bb5+ Bd7 5. Bxd7+ Qxd7 6. O-O Nc6 7. d4 e6
8. Bf4 Nf6 9. Ne5 Nxe5 10. dxe5 Ne4 11. Nd2 Nxd2 12. Qxd2 Rc8 13. Be3 Bc5 14.
Bxc5 Rxc5 15. c3 O-O 16. Qd4 b6 17. Rad1 Qe7 18. Qg4 Rfc8 19. Kh1 h6 20. f4 Rc4
21. Qh5 Re4 22. Rd2 Rcc4 23. Rdf2 d4 24. cxd4 Rcxd4 25. a3 Kh7 26. g3 g6 27.
Qh3 Qb7 28. Kg1 Re3 29. Qh4 Rde4 30. Qf6 Re1 31. Qh4 Rxf1+ 32. Rxf1 Re2 33. Rf2
Qe4 34. Rxe2 Qxe2 35. Qe7 Kg8 36. Qd8+ Kg7 37. Qd4 Qe1+ 38. Kg2 Qe2+ 39. Qf2
Qxf2+ 40. Kxf2 Kf8 41. Ke3 Ke7 42. b4 a6 43. a4 Kd7 44. b5 axb5 45. axb5 Ke7
46. Ke4 Ke8 47. g4 Ke7 48. h4 h5 49. gxh5 gxh5 50. f5 f6 51. fxe6 Kxe6 52. exf6
Kxf6 53. Kd5 Kf5 54. Kc6 Kg4 55. Kxb6 Kxh4 56. Kc5 Kg3 57. b6 h4 58. b7 h3 59.
Kd4 h2 60. b8=Q+ Kg2 61. Qb2+ Kg1 62. Ke3 Kh1 63. Kf3 {heraclio resigns} 1-0

[Event "ICS rated blitz match"]
[Site "207.99.83.227"]
[Date "1999.04.24"]
[Round "?"]
[White "heraclio"]
[Black "Hossa"]
[Result "0-1"]
[WhiteElo "2002"]
[BlackElo "2385"]
[PlyCount "140"]

1. c4 g6 2. Nc3 e5 3. g3 Bb4 4. Bg2 Nf6 5. Nf3 Nc6 6. O-O d6 7. d3 Ng4 8. h3
Nf6 9. Nd5 Nd7 10. a3 Bc5 11. b4 Bb6 12. h4 Rg8 13. Bh3 f6 14. Be6 Rf8 15. Bh6
Nd4 16. Nxd4 Bxd4 17. Rb1 c6 18. Bxf8 Nxf8 19. Bxc8 Rxc8 20. e3 cxd5 21. exd4
dxc4 22. dxc4 Rxc4 23. dxe5 fxe5 24. Qa4+ Kf7 25. Qxa7 Qc7 26. Qa5 Qc6 27. b5
Qf3 28. Qd8 Rd4 29. Rbc1 Ne6 30. Qd7+ Kf6 31. Qxh7 Nc5 32. Qh8+ Kf7 33. Qh7+
Kf6 34. Qh8+ Kf7 35. Qh7+ Kf6 36. Qh6 Kf7 37. Qg5 Rd3 38. Rxc5 dxc5 39. Qxe5
Qd5 40. Qxd5+ Rxd5 41. Rc1 b6 42. Rc3 Rd4 43. Kg2 Ke6 44. Kf3 Kf5 45. Ke3 Rd1
46. Rc4 Rb1 47. g4+ Ke5 48. g5 Rb3+ 49. Ke2 Rxa3 50. h5 gxh5 51. Rh4 Rb3 52.
f4+ Ke4 53. g6 Rg3 54. Rxh5 Rxg6 55. Kd2 Kxf4 56. Kc3 Rg3+ 57. Kc4 Rg4 58. Rd5
Ke3+ 59. Kc3 Rb4 60. Re5+ Kf4 61. Re6 Rxb5 62. Kc4 Kf5 63. Re1 Rb4+ 64. Kd5 c4
65. Rf1+ Kg5 66. Rc1 b5 67. Kc5 Rb2 68. Kd4 Rb3 69. Rc2 Kg6 70. Rc1 70... Kf6 {
heraclio resigns} 0-1

[Event "ICS rated blitz match"]
[Site "207.99.83.227"]
[Date "1999.04.24"]
[Round "?"]
[White "guerb"]
[Black "Hossa"]
[Result "1/2-1/2"]
[WhiteElo "2234"]
[BlackElo "2398"]
[PlyCount "54"]

1. d4 f5 2. Nc3 e6 3. Nf3 Nf6 4. Bg5 d5 5. e3 Bb4 6. Bd3 O-O 7. O-O c5 8. dxc5
Bxc3 9. bxc3 Nbd7 10. c4 Nxc5 11. cxd5 Qxd5 12. Bxf6 Rxf6 13. Be2 Ne4 14. Qxd5
exd5 15. c4 Be6 16. Rac1 dxc4 17. Bxc4 Bxc4 18. Rxc4 Rc6 19. Rxc6 bxc6 20. Nd4
c5 21. Nxf5 Rd8 22. f3 Nc3 23. a3 Rd2 24. Rf2 Rd1+ 25. Rf1 Rd2 26. Rf2 Rd1+ 27.
Rf1 27... Rd2 {Game drawn by repetition} 1/2-1/2

[Event "ICS rated blitz match"]
[Site "207.99.83.227"]
[Date "1999.04.24"]
[Round "?"]
[White "Hossa"]
[Black "pionroi"]
[Result "1-0"]
[WhiteElo "2391"]
[BlackElo "1997"]
[PlyCount "134"]

1. Nf3 c5 2. e4 d6 3. d4 cxd4 4. Nxd4 Nf6 5. Nc3 g6 6. Bg5 Bg7 7. Bc4 O-O 8.
Qd2 Nc6 9. Nxc6 bxc6 10. Bh6 Bxh6 11. Qxh6 Qb6 12. Qc1 Ng4 13. O-O Qc5 14. Be2
Ne5 15. Qh6 Rb8 16. Rab1 Be6 17. Kh1 Bc4 18. Qd2 Bxe2 19. Qxe2 Qc4 20. Qe1 f5
21. f4 Ng4 22. h3 Nf6 23. exf5 gxf5 24. b3 Qf7 25. Rd1 Kh8 26. Qe3 Rg8 27. Qxa7
Nh5 28. Ne2 c5 29. Qd7 Rbd8 30. Qb7 d5 31. Qc7 Qe6 32. Rf2 Qe3 33. Qe5+ Qxe5
34. fxe5 e6 35. a4 d4 36. Nf4 Ng3+ 37. Kh2 Ne4 38. Rff1 Rge8 39. Rfe1 Rd7 40.
g3 Ng5 41. Rf1 Ne4 42. Rde1 Rg7 43. g4 c4 44. b4 c3 45. gxf5 exf5 46. Nd3 Reg8
47. Rg1 Nd2 48. Rxg7 Rxg7 49. Kh1 Ra7 50. a5 Nc4 51. Rf1 Ne3 52. Rf2 Kg7 53.
Kh2 Kf7 54. Nc5 Ke7 55. Kg3 Rc7 56. Nd3 Ke6 57. b5 Rg7+ 58. Kh2 Kd5 59. a6 Ra7
60. b6 Rxa6 61. Nb4+ Kc5 62. Nxa6+ Kxb6 63. Nb4 Kc5 64. Rf4 Kxb4 65. e6 Nd5 66.
Rxd4+ Kc5 67. Rxd5+ 67... Kxd5 {pionroi resigns} 1-0

[Event "ICS rated blitz match"]
[Site "207.99.83.227"]
[Date "1999.04.24"]
[Round "?"]
[White "Hossa"]
[Black "Etan"]
[Result "1-0"]
[WhiteElo "2394"]
[BlackElo "2310"]
[PlyCount "71"]

1. Nf3 d5 2. d4 g6 3. Bf4 Bg7 4. e3 Nf6 5. Bb5+ c6 6. Bd3 O-O 7. Nbd2 a5 8. O-O
Na6 9. a3 Nc7 10. Qe2 Ne6 11. Be5 b6 12. Rae1 Bb7 13. e4 c5 14. exd5 Bxd5 15.
dxc5 Nxc5 16. Bb5 e6 17. Rd1 Qe7 18. Nc4 Qb7 19. Nh4 Rfd8 20. Kh1 g5 21. Nf3
Bxf3 22. Qxf3 Qxf3 23. gxf3 Nd5 24. Bc6 Rac8 25. Bxg7 Rxc6 26. Bf6 Rdc8 27.
Bxg5 Nb7 28. Rg1 Kf8 29. Bh6+ Ke7 30. b3 b5 31. Ne3 Nxe3 32. fxe3 Rxc2 33. Bg5+
Kf8 34. Bf6 Re2 35. Rg7 Rcc2 36. Rxh7 {Etan resigns} 1-0

[Event "ICS Rated blitz match"]
[Site "207.99.83.227"]
[Date "1999.04.24"]
[Round "?"]
[White "Varguz"]
[Black "Hossa"]
[Result "1-0"]
[WhiteElo "2781"]
[BlackElo "2406"]
[Annotator "Crafty v16.6"]
[PlyCount "130"]

{annotating for player Hossa using a scoring margin of +0.10 pawns. search
time limit is 10.00} 1. d4 1... e6 2. c4 d5 3. Nc3 Bb4 4. Nf3 dxc4 ({8:+0.06} 
4... dxc4 5. e3 Qd5 6. Nd2 Bxc3 7. bxc3 Ne7 8. Ba3 b5 9. Bxe7 9... Kxe7 $10) ({
8:+0.19} 4... Ne7 5. a3 Bxc3+ 6. bxc3 O-O 7. e3 Nbc6 8. Ng5 f6 9. Nf3 $10) 5.
e4 b5 6. a4 c6 7. Bd2 Ba6 8. Bg5 Ne7 9. Be2 O-O 10. O-O f5 11. Ne5 fxe4 ({
8:-0.42} 11... fxe4 12. Bg4 Bc8 13. Nxe4 h6 14. Bxe7 Bxe7 15. Ng6 Rf7 16. Nxe7+
16... Qxe7 $14) ({8:+0.01} 11... Bxc3 12. bxc3 fxe4 13. axb5 cxb5 14. Qb1 e3
15. Bf3 e2 16. Bxe2 16... Qd6 $10) 12. Nxe4 Qb6 ({8:-0.47} 12... Qb6 13. Bd2
Bxd2 14. Qxd2 Qd8 15. axb5 cxb5 16. Nc5 Qd6 17. Qg5 $14) ({8:-0.32} 12... h6
13. Bxe7 Bxe7 14. axb5 cxb5 15. Bf3 Bb7 16. Nf6+ Bxf6 17. Bxb7 Bxe5 18. Bxa8
18... Qxd4 $14) 13. Bxe7 Bxe7 14. Bg4 Bc8 15. Qd2 Qd8 16. Qe3 Bb4 17. axb5 Qd5
18. bxc6 Nxc6 19. Bf3 Rxf3 20. Nxf3 a5 21. Rac1 Ba6 22. Rfd1 Rf8 23. Neg5 Rf6
24. Ne5 Rf5 25. g4 Rf6 26. h3 Bb5 27. Ra1 a4 28. Rac1 Nd8 29. Kh2 Rf8 30. f4
Nb7 31. Kg1 Nd6 32. h4 Ba5 33. Kh2 Bb6 34. Kh3 Kh8 35. Qd2 Rf6 36. Qc2 g6 37.
Qh2 a3 38. bxa3 Ba4 39. Rd2 Ba5 40. Re2 Qxd4 41. Ne4 Rf8 42. Nxd6 Qxd6 43. Nxc4
Qc6 44. Qg2 Qxg2+ 45. Kxg2 Bc7 46. Rxe6 Bxf4 47. Rb1 Bd7 48. Re7 Bc6+ 49. Kg1
Bf3 50. Rf1 Bd5 51. Nb6 Bb3 52. a4 h5 53. a5 Bh2+ 54. Kg2 Rxf1 55. Kxf1 hxg4
56. a6 Bd1 57. Nd5 Bb3 58. Nf6 Bg8 59. a7 Be5 60. Rxe5 Bc4+ 61. Kg1 Kg7 62.
a8=Q Kxf6 63. Qh8+ Kf7 64. Qh7+ Kf8 65. Re7 g5 1-0

[Event "ICS rated blitz match"]
[Site "207.99.83.227"]
[Date "1999.04.24"]
[Round "?"]
[White "Hossa"]
[Black "carbide"]
[Result "1-0"]
[WhiteElo "2403"]
[BlackElo "2431"]
[PlyCount "157"]

1. e4 e6 2. Nf3 d5 3. exd5 exd5 4. Bb5+ c6 5. Be2 Bd6 6. O-O Nf6 7. d4 O-O 8.
Re1 h6 9. b3 Bg4 10. Bb2 Bc7 11. Ne5 Bxe2 12. Qxe2 Nbd7 13. Nd2 Re8 14. Qf3 Nf8
15. Rad1 Qd6 16. c4 dxc4 17. Ndxc4 Qd5 18. Qf5 Rad8 19. Rd3 Qe6 20. Qxe6 Nxe6
21. a4 Nd7 22. Nxd7 Rxd7 23. b4 Red8 24. Red1 Bb6 25. Ne5 Rd5 26. Nf3 a6 27.
Kh1 Ng5 28. Nxg5 Rxg5 29. Re3 Rgd5 30. Red3 f6 31. Bc3 Kf7 32. f4 f5 33. a5 Ba7
34. h4 Re8 35. Kh2 h5 36. g3 Re4 37. Kg2 g6 38. Kf3 Ke6 39. Re3 Rxe3+ 40. Kxe3
Rd7 41. Re1 Kd6 42. Kd3 Re7 43. Re5 Rxe5 44. fxe5+ Kd5 45. Kc2 Bb8 46. Bd2 Bc7
47. Kd3 Bd8 48. Kc3 Be7 49. Bh6 Ke4 50. Kc4 Kf3 51. e6 Kxg3 52. Bg5 Bd6 53. e7
Bxe7 54. Bxe7 f4 55. Bd6 Kg4 56. Kd3 Kxh4 57. Bxf4 g5 58. Bd6 g4 59. Ke4 Kh3
60. Kf4 g3 61. Kf3 h4 62. Be5 Kh2 63. Bf4 Kh3 64. Be3 Kh2 65. Kg4 g2 66. Kxh4
g1=Q 67. Bxg1+ Kxg1 68. Kg3 Kf1 69. Kf3 Ke1 70. Ke3 Kd1 71. Ke4 Kc2 72. d5
cxd5+ 73. Kxd5 Kc3 74. Kc5 Kb3 75. b5 Ka4 76. bxa6 bxa6 77. Kb6 Kb4 78. Kxa6
Kc5 79. Kb7 {carbide resigns} 1-0

[Event "ICS rated blitz match"]
[Site "207.99.83.227"]
[Date "1999.04.24"]
[Round "?"]
[White "Beadle"]
[Black "Hossa"]
[Result "1-0"]
[WhiteElo "2588"]
[BlackElo "2420"]
[Annotator "Crafty v16.6"]
[PlyCount "79"]

{annotating for player Hossa using a scoring margin of +0.10 pawns. search
time limit is 10.00} 1. d4 1... g6 2. e4 Bg7 3. Nf3 d6 ({8:-0.59} 3... d6 4.
Bc4 Nc6 5. Nc3 f5 6. Bg5 fxe4 7. Nxe4 7... Nf6 $14) ({8:-0.39} 3... c5 4. dxc5
Qa5+ 5. c3 Qxc5 6. Be3 Qc6 7. Nbd2 7... Nf6 $14) 4. Nc3 Nf6 5. h3 O-O 6. Bc4
Nxe4 7. Nxe4 d5 8. Bd3 dxe4 9. Bxe4 Nd7 10. Bf4 c5 11. c3 cxd4 12. cxd4 Qb6 13.
O-O Nf6 14. Re1 Qxb2 15. Rb1 Qxa2 16. Re2 Qa6 17. Bd3 Qa5 18. Rxe7 Nd5 19. Re4
Bf5 20. Rb5 Qd8 21. Bd2 a6 22. Rxb7 Bxe4 23. Bxe4 f5 24. Bd3 Rf7 25. Qb3 Rxb7
26. Qxb7 Rb8 27. Qxa6 Rb6 28. Qa2 Kh8 29. Bc4 Nc7 30. Be3 Qb8 31. Bf4 Rb1+ 32.
Kh2 Qb6 33. Qa4 Qb8 34. Qd7 Rb7 35. Ne5 h5 36. Nxg6+ Kh7 37. Qxf5 Bxd4 38. Nf8+
Kg7 39. Qf7+ Kh8 40. Ng6# 1-0

[Event "ICS rated blitz match"]
[Site "207.99.83.227"]
[Date "1999.04.24"]
[Round "?"]
[White "Hossa"]
[Black "newfisher"]
[Result "1/2-1/2"]
[WhiteElo "2411"]
[BlackElo "2091"]
[PlyCount "71"]

1. Nf3 d5 2. d4 Nf6 3. Bf4 c6 4. e3 Qb6 5. Qc1 Bf5 6. Nh4 Bg6 7. Be2 e6 8. O-O
Be7 9. Nxg6 hxg6 10. c4 Nbd7 11. Nc3 Nh5 12. c5 Qd8 13. Bg3 Nxg3 14. fxg3 Bf6
15. Rb1 O-O 16. Qd2 e5 17. Bg4 exd4 18. exd4 Qc7 19. Bxd7 Qxd7 20. Rbe1 Rae8
21. Qf4 Rxe1 22. Rxe1 Re8 23. Re2 Rxe2 24. Nxe2 Qe8 25. Kf1 Kh7 26. Qc7 Qe3 27.
Qxb7 Bxd4 28. Nxd4 Qxd4 29. Qxc6 Qd1+ 30. Kf2 Qd2+ 31. Kf3 Qd3+ 32. Kf2 Qd2+
33. Kf3 Qd3+ 34. Kf2 Qd2+ 35. Kf3 Qd3+ 36. Kf2 {Game drawn by repetition}
1/2-1/2